Normal view
MARC view
Entry Personal Name
001 - CONTROL NUMBER
- control field: 40939
003 - CONTROL NUMBER IDENTIFIER
- control field: ARRUPE
005 - DATE AND TIME OF LATEST TRANSACTION
- control field: 20180323115620.0
008 - FIXED-LENGTH DATA ELEMENTS
- fixed length control field: 180323|| aca||aabn | a|a d
040 ## - CATALOGING SOURCE
- Original cataloging agency: ARRUPE
- Transcribing agency: ARRUPE
100 ## - HEADING--PERSONAL NAME
- Personal name: Vergiat, Antonin Marius,
- Dates associated with a name: 1900-
670 ## - SOURCE DATA FOUND
- Source citation: Work cat.: (ARRUPE)0: Vergiat, Antonin Marius, 1900-, Les rites secrets des primitifs de l'Oubangui;, 1951